00241nam a2200097Ia 4500008004100000100002800041245001800069260002700087300000900114650002000123190216s9999||||xx |||||||||||||| ||und|| aMalayatoor Ramakrishnan 0aAnathayaathra bD C Books Keralac1989 a203p aMalayalam Novel